Marketing research : (Record no. 354853)
[ view plain ]
| 000 -LEADER | |
|---|---|
| fixed length control field | 00357nam a2200121Ia 4500 |
| 008 - FIXED-LENGTH DATA ELEMENTS--GENERAL INFORMATION | |
| fixed length control field | 180205s9999 xx 000 0 und d |
| 020 ## - INTERNATIONAL STANDARD BOOK NUMBER | |
| International Standard Book Number | 71255842 |
| 100 ## - MAIN ENTRY--PERSONAL NAME | |
| Personal name | Hair, Joseph Jr, F. |
| 245 ## - TITLE STATEMENT | |
| Title | Marketing research : |
| Remainder of title | within a changing information environment |
| 250 ## - EDITION STATEMENT | |
| Edition statement | 3rd ed |
| 260 ## - PUBLICATION, DISTRIBUTION, ETC. (IMPRINT) | |
| Place of publication, distribution, etc | USA |
| Name of publisher, distributor, etc | Mc Graw Hill publishing |
| Date of publication, distribution, etc | 2006 |
| 300 ## - PHYSICAL DESCRIPTION | |
| Extent | viii, 700 pages |
| Withdrawn status | Lost status | Damaged status | Home library | Current library | Shelving location | Date acquired | Source of acquisition | Total Checkouts | Full call number | Barcode | Date last seen | Price effective from | Koha item type |
|---|---|---|---|---|---|---|---|---|---|---|---|---|---|
| College Library | College Library | General Circulation Section | 02/05/2018 | Library Fund | HF 5415.2 H355 2006 | C7603 | 05/15/2018 | 02/05/2018 | Books |